Detalles MARC
| 000 -LEADER |
| fixed length control field |
04511nam a2200481Ii 4500 |
| 001 - CONTROL NUMBER |
| control field |
DIGPUVAL0284 |
| 003 - CONTROL NUMBER IDENTIFIER |
| control field |
NyNyDIG |
| 008 - FIXED-LENGTH DATA ELEMENTS--GENERAL INFORMATION |
| fixed length control field |
150801t20102010sp ab ob 000 0cspa d |
| 006 - FIXED-LENGTH DATA ELEMENTS--ADDITIONAL MATERIAL CHARACTERISTICS |
| fixed length control field |
m o d |
| 007 - PHYSICAL DESCRIPTION FIXED FIELD--GENERAL INFORMATION |
| fixed length control field |
cr ||||||||||| |
| 020 ## - INTERNATIONAL STANDARD BOOK NUMBER |
| International Standard Book Number |
9788437084794 |
| Qualifying information |
(eBook) |
| 020 ## - INTERNATIONAL STANDARD BOOK NUMBER |
| Canceled/invalid ISBN |
9788437078311 |
| 020 ## - INTERNATIONAL STANDARD BOOK NUMBER |
| Canceled/invalid ISBN |
8437078318 |
| 035 ## - SYSTEM CONTROL NUMBER |
| System control number |
(OCoLC)992040145 |
| 040 ## - CATALOGING SOURCE |
| Original cataloging agency |
DGITA |
| Language of cataloging |
eng |
| Description conventions |
rda |
| -- |
pn |
| Transcribing agency |
DGITA |
| 043 ## - GEOGRAPHIC AREA CODE |
| Geographic area code |
e-sp--- |
| 050 14 - LIBRARY OF CONGRESS CALL NUMBER |
| Classification number |
Q141 eBook |
| 245 03 - TITLE STATEMENT |
| Title |
El exilio científico republicano / |
| Statement of responsibility, etc. |
Josep L. Barona (editor). |
| 250 ## - EDITION STATEMENT |
| Edition statement |
Edición digital. |
| 264 #1 - PRODUCTION, PUBLICATION, DISTRIBUTION, MANUFACTURE, AND COPYRIGHT NOTICE |
| Place of production, publication, distribution, manufacture |
València : |
| Name of producer, publisher, distributor, manufacturer |
Publicacions de la Universitat de València, |
| Date of production, publication, distribution, manufacture, or copyright notice |
2010. |
| 264 #4 - PRODUCTION, PUBLICATION, DISTRIBUTION, MANUFACTURE, AND COPYRIGHT NOTICE |
| Date of production, publication, distribution, manufacture, or copyright notice |
©2010 |
| 300 ## - PHYSICAL DESCRIPTION |
| Extent |
1 online resource (427 pages) : |
| Other physical details |
illustrations, maps. |
| 336 ## - CONTENT TYPE |
| Content type term |
text |
| Content type code |
txt |
| Source |
rdacontent |
| 337 ## - MEDIA TYPE |
| Media type term |
computer |
| Media type code |
c |
| Source |
rdamedia |
| 338 ## - CARRIER TYPE |
| Carrier type term |
online resource |
| Carrier type code |
cr |
| Source |
rdacarrier |
| 504 ## - BIBLIOGRAPHY, ETC. NOTE |
| Bibliography, etc. note |
Includes bibliographical references. |
| 505 0# - FORMATTED CONTENTS NOTE |
| Formatted contents note |
Destrucción y diáspora de una comunidad científica: el exilio republicano español -- Lo que se pudo hacer en el exilio / Julián de Zulueta -- Cuatro científicos a la sombra de un maestro: los exilios de la escuela cajaliana / Alfredo Baratas Díaz -- Científicos extremeños en el exilio 1939 / José M. Cobos Bueno -- Psicólogas republicanas en el exilio: las excusas maltrechas de la memoria / Carmen García Colmenares -- Dos ginecólogos en el exilio: Alejandro Otera Fernández (1888-1953) y Antonio Chamorro Daza (1903-2003) / Fernando Girón Irueste, Enriqueta Barranco Castillo -- La tragedia de la tercera España: el exilio de Blas Cabrera / Francisco A. González, Rosario E. Fernández -- August Pi i Sunyer y José Royo Gómez. Balance de sus aportes a la investigación científica en Venezuela / Juan José Martín Frechilla -- Entre el éxodo y la diáspora: Albert Folch Pi, Joaquín d'Harcourt y la tentativva de reconstitución de la escuela biológica catalana en Francia (1939-1941) / Álvar Martinez Vidal, Emma Sallent del Colombo -- Un psicólogo abandona su mundo: el exilio de Emilio Mira y López / Annette Mülberger -- Aportación de Bibiano F. Osorio-Tafall a la ciencia mexicana / Xosé Francisco Pardo Teijeiro, María Mercedes Álvares Ures -- El epistolario de Pío del Río-Hortega / Dr. Juan del Río-Hortega Bereciartu -- ¿Una comunidad científica en el exilio? / Josep L. Baróna -- El exilio científico republicano español y los inicios de la organización mundial de la salud (1946-1956) / Josep Bernabéu-Mestre -- El legado de la universitat de Barcelona autónoma / Jaume Claret Miranda -- La dinámica de las redes del exilio científico en México / Francisco Javier Dosil Mancilla -- Sobrevivir en Inglaterra. El exilio eclipsado del cirujano plástico Pere Gabarró / Alfons Zarzoso -- Científicos, represión y exilio en la universidad de Santiago / Ricardo Gurriarán -- El Dr. Manuel Bastos, profesor y militar represaliado / Àngel Beneito Lloris -- Las víctimas de la represión. El exilio interior del profesorado de ciencias, medicina y farmacia / Joan Lloret Pastor -- Una esperanza frustrada. La destrucción de la ciencia en España y el exilio científico tras el fin de la Guerra Civil / Luis Enrique Otero Carvajal -- Don Vicente Sos Baynat. Biografía. Exilio interior: 1939-1966 / Alejandro Sos Paradinas -- Vicente Parra, un médico español en Dachau / Miguel Jiménez Aleixandre -- Cosas de familia. Exilio externo e interno: los profesores represaliados tras la guerra civil en la facultad de farmacia de la universidad central de Madrid / F. Javier Puerto Sarmiento. |
| 588 0# - SOURCE OF DESCRIPTION NOTE |
| Source of description note |
Online resource; title from PDF title page (Digitalia, viewed July 8, 2015) |
| 650 #0 - SUBJECT ADDED ENTRY--TOPICAL TERM |
| Topical term or geographic name entry element |
Scientists |
| Geographic subdivision |
Spain |
| Chronological subdivision |
20th century |
| Form subdivision |
Biography. |
| 650 #0 - SUBJECT ADDED ENTRY--TOPICAL TERM |
| Topical term or geographic name entry element |
Scientists |
| Geographic subdivision |
Spain |
| General subdivision |
History |
| Chronological subdivision |
20th century. |
| 651 #0 - SUBJECT ADDED ENTRY--GEOGRAPHIC NAME |
| Geographic name |
Spain |
| General subdivision |
History |
| Chronological subdivision |
Civil War, 1936-1939 |
| General subdivision |
Refugees. |
| 650 #0 - SUBJECT ADDED ENTRY--TOPICAL TERM |
| Topical term or geographic name entry element |
Political refugees |
| Geographic subdivision |
Spain |
| General subdivision |
History |
| Chronological subdivision |
20th century. |
| 650 #0 - SUBJECT ADDED ENTRY--TOPICAL TERM |
| Topical term or geographic name entry element |
Exiles |
| Geographic subdivision |
Spain |
| General subdivision |
History. |
| 650 #0 - SUBJECT ADDED ENTRY--TOPICAL TERM |
| Topical term or geographic name entry element |
Science |
| Geographic subdivision |
Spain |
| General subdivision |
History |
| Chronological subdivision |
20th century. |
| 655 #0 - INDEX TERM--GENRE/FORM |
| Genre/form data or focus term |
Electronic books. |
| 700 1# - ADDED ENTRY--PERSONAL NAME |
| Personal name |
Barona Vilar, Josep Lluis, |
| Relator term |
editor. |
| 791 2# - |
| -- |
Digitalia (Firm), |
| -- |
distributor. |
| 793 0# - |
| -- |
Digitalia eBook Collection: |
| -- |
Universitat de València. |
| 776 08 - ADDITIONAL PHYSICAL FORM ENTRY |
| Relationship information |
Print version: |
| Title |
Exilio científico republicano. |
| Place, publisher, and date of publication |
València : Publicacions de la Universitat de València, [2010]. |
| International Standard Book Number |
9788437078311 |
| Record control number |
(OCoLC)792990082 |
| 856 40 - ELECTRONIC LOCATION AND ACCESS |
| Materials specified |
Digitalia Hispánica |
| Uniform Resource Identifier |
<a href="https://www.digitaliapublishing.com/a/35338/">https://www.digitaliapublishing.com/a/35338/</a> |
| 910 ## - USER-OPTION DATA (OCLC) |
| User-option data |
Premium Collection: 2015 |
| 942 ## - ADDED ENTRY ELEMENTS (KOHA) |
| Koha item type |
Recurso Electrónico |